[Event "SV Medizin Erfurt-SV Motor Eberswalde"]
[Site "?"]
[Date "2009.12.29"]
[Round "5.3"]
[White "Mätzkow, Maximilian Paul"]
[Black "Michels, Kim"]
[Result "0-1"]
[WhiteElo "1366"]
[BlackElo "1184"]
[PlyCount "120"]
[EventDate "2009.??.??"]
[WhiteTeam "SV Motor Eberswalde"]
[BlackTeam "SV Medizin Erfurt"]

1. d4 f5 2. Nf3 Nf6 3. e3 g6 4. Bd3 Bg7 5. O-O O-O 6. Nbd2 d6 7. c3 Qe8 8. e4
fxe4 9. Nxe4 Nxe4 10. Bxe4 e5 11. Qb3+ Kh8 12. Re1 c6 13. Bd3 Nd7 14. Bd2 Qf7
15. Qxf7 Rxf7 16. Be3 d5 17. dxe5 Nxe5 18. Nxe5 Bxe5 19. Bh6 Re7 20. f4 Bd6 21.
Rxe7 Bxe7 22. Re1 Bc5+ 23. Kh1 Bd7 24. c4 dxc4 25. Bxc4 b5 26. Bb3 a5 27. Bg5
Kg7 28. Be7 Re8 29. Bh4 Rxe1+ 30. Bxe1 a4 31. Bc2 Be6 32. a3 Bd4 33. Be4 Bxb2
34. Bxc6 Bxa3 35. Bxb5 Bb3 36. Bc3+ Kf7 37. h3 Bc1 38. g3 a3 39. Bd3 Bb2 40.
Bxb2 axb2 41. Kg2 Ba2 42. Kf3 b1=Q 43. Bxb1 Bxb1 44. g4 Ke6 45. h4 Bc2 46. Kg3
Bd1 47. Kh3 Kd5 48. g5 Ke4 49. Kg3 Kf5 50. Kf2 Kxf4 51. Ke1 Kg4 52. Kxd1 Kxh4
53. Ke1 Kxg5 54. Kf2 Kg4 55. Kg2 h5 56. Kh2 h4 57. Kg2 g5 58. Kh2 Kf3 59. Kh1
g4 60. Kh2 g3+ 0-1

[Event "SV Medizin Erfurt-SV Motor Eberswalde"]
[Site "?"]
[Date "2009.12.29"]
[Round "5.4"]
[White "Nguyen, Huy Dat"]
[Black "Windschügl, Martin"]
[Result "1-0"]
[WhiteElo "1153"]
[BlackElo "1140"]
[PlyCount "93"]
[EventDate "2009.??.??"]
[WhiteTeam "SV Medizin Erfurt"]
[BlackTeam "SV Motor Eberswalde"]

1. d4 d5 2. Nf3 Nf6 3. e3 Bg4 4. c4 e6 5. Qb3 b6 6. Nc3 c6 7. Ne5 Qc7 8. h3 Bf5
9. Be2 Nbd7 10. cxd5 exd5 11. Nxd7 Qxd7 12. Bd2 Bd6 13. Rc1 O-O 14. Bf3 Ne4 15.
Bxe4 Bxe4 16. Nxe4 dxe4 17. O-O Rfe8 18. Qc2 Rac8 19. Qd1 Re6 20. Qg4 Re7 21.
Qxd7 Rxd7 22. Rfd1 Re7 23. a3 Re6 24. d5 Re7 25. dxc6 Rec7 26. Bb4 Be5 27. b3
h6 28. Kf1 Rxc6 29. Rxc6 Rxc6 30. Ke2 Rc2+ 31. Rd2 Rxd2+ 32. Kxd2 f5 33. Bc3
Bxc3+ 34. Kxc3 Kf7 35. Kc4 a6 36. Kd5 Ke7 37. Kc6 b5 38. Kb6 Kd6 39. Kxa6 Kc5
40. Kb7 g5 41. Kc7 f4 42. Kb7 h5 43. Kc7 f3 44. g3 g4 45. h4 b4 46. a4 Kd5 47.
Kb6 1-0

[Event "SC Forchheim-SC Widdern"]
[Site "?"]
[Date "2009.12.29"]
[Round "5.1"]
[White "Schissler, Cornelius"]
[Black "Wagner, Robert"]
[Result "0-1"]
[WhiteElo "1263"]
[BlackElo "1603"]
[PlyCount "62"]
[EventDate "2009.??.??"]
[WhiteTeam "SC Widdern"]
[BlackTeam "SC Forchheim"]

1. e4 c5 2. Nf3 d6 3. Bc4 Nf6 4. Nc3 Nc6 5. h3 a6 6. Bd5 Qc7 7. Bxc6+ bxc6 8.
d3 g6 9. Bf4 Nd7 10. O-O Bg7 11. Rb1 O-O 12. Re1 e5 13. Bg3 Nb6 14. Qd2 f6 15.
a3 Be6 16. Qe3 f5 17. exf5 Bxf5 18. Ne4 Nd5 19. Qd2 Rab8 20. b3 Qd7 21. Nh2
Rbe8 22. c4 Nf4 23. Bxf4 exf4 24. f3 d5 25. Nxc5 Bd4+ 26. Kf1 Bxc5 27. Rbd1
dxc4 28. bxc4 Bxd3+ 29. Re2 Bxe2+ 30. Qxe2 Rxe2 31. Kxe2 Re8+ 0-1

[Event "SC Forchheim-SC Widdern"]
[Site "?"]
[Date "2009.12.29"]
[Round "5.2"]
[White "Wernsdörfer, Fabio"]
[Black "Dirks, Alexander"]
[Result "1/2-1/2"]
[WhiteElo "1293"]
[BlackElo "1107"]
[PlyCount "152"]
[EventDate "2009.??.??"]
[WhiteTeam "SC Forchheim"]
[BlackTeam "SC Widdern"]

1. e4 e5 2. Nf3 Nc6 3. Bc4 Bc5 4. Nc3 Nf6 5. d3 h6 6. O-O d6 7. Be3 Bb6 8. Qe2
Bg4 9. h3 Bh5 10. Nd5 Nxd5 11. Bxd5 Qf6 12. Bxc6+ bxc6 13. Bxb6 cxb6 14. Rac1
Bxf3 15. Qxf3 Qxf3 16. gxf3 O-O 17. Kh2 f5 18. c3 Rf7 19. Rc2 Kh7 20. Rg1 Raf8
21. Rg2 Rf6 22. Rd2 Rg6 23. Rxg6 Kxg6 24. Kg3 Kh5 25. d4 f4+ 26. Kh2 Kg6 27. d5
cxd5 28. Rxd5 Re8 29. h4 h5 30. Kh3 Kf6 31. Rd1 Ke6 32. Rg1 Kf6 33. Rd1 g6 34.
c4 Ke6 35. b3 Rc8 36. Rd5 Rc5 37. Rxc5 dxc5 38. Kg2 Kd6 39. Kf1 Kc6 40. Ke2 b5
41. Kd3 b4 42. Kd2 Kb6 43. Kc2 a5 44. Kb2 Ka6 45. Kc2 Kb6 46. Kd2 Kc6 47. Ke1
Kb6 48. Kd2 Kc7 49. Ke1 Kd6 50. Kf1 Ke6 51. Kg2 Kf6 52. Kh2 Ke6 53. Kg2 Kd6 54.
Kf1 Kc6 55. Ke2 Kd7 56. Kf1 Ke6 57. Kg2 Kf6 58. Kh2 Ke7 59. Kg1 Kd7 60. Kf1 Kc6
61. Ke2 Kb6 62. Kd2 a4 63. Kc2 Ka5 64. Kb2 axb3 65. axb3 Kb6 66. Kc2 Kc6 67.
Kd2 Kd6 68. Ke1 Ke6 69. Kf1 Kf6 70. Kg2 g5 71. hxg5+ Kxg5 72. Kh3 Kh6 73. Kh4
Kg6 74. Kh3 Kg5 75. Kg2 h4 76. Kh3 Kh5 1/2-1/2

[Event "SC Forchheim-SC Widdern"]
[Site "?"]
[Date "2009.12.29"]
[Round "5.3"]
[White "Weinmeister, Nico"]
[Black "Braun, Kristin"]
[Result "0-1"]
[WhiteElo "1075"]
[BlackElo "1335"]
[PlyCount "48"]
[EventDate "2009.??.??"]
[WhiteTeam "SC Widdern"]
[BlackTeam "SC Forchheim"]

1. e4 d5 2. exd5 Nf6 3. c4 Bf5 4. d3 g6 5. Nc3 Bg7 6. Be2 O-O 7. Bf3 c6 8. dxc6
Nxc6 9. Nge2 Bxd3 10. Nf4 Bxc4 11. Qa4 Ne5 12. Be2 Bxe2 13. Nfxe2 Nd3+ 14. Kf1
Qb6 15. Be3 Qe6 16. Qb5 Rfd8 17. Nd4 Qd6 18. Qxd3 e5 19. Ncb5 Qd7 20. Qc3 exd4
21. Bxd4 Qxb5+ 22. Kg1 Qd5 23. Rd1 Ne4 24. Qb4 Bxd4 0-1

[Event "SC Forchheim-SC Widdern"]
[Site "?"]
[Date "2009.12.29"]
[Round "5.4"]
[White "Herter, Leonhard"]
[Black "Hoffmann, Jens"]
[Result "0-1"]
[WhiteElo "827"]
[BlackElo "899"]
[PlyCount "60"]
[EventDate "2009.??.??"]
[WhiteTeam "SC Forchheim"]
[BlackTeam "SC Widdern"]

1. e4 e5 2. Bc4 Nf6 3. Nc3 Bc5 4. Nf3 d6 5. d3 h6 6. h3 O-O 7. O-O Nc6 8. b3
Be6 9. Bxe6 fxe6 10. Bb2 d5 11. a3 a5 12. a4 Qe7 13. Nb5 Bd6 14. c3 dxe4 15.
dxe4 Nxe4 16. Nd2 Nxf2 17. Rxf2 Bc5 18. b4 Bxf2+ 19. Kh1 Rf7 20. bxa5 Raf8 21.
Qb3 Be3 22. Nc4 Rf1+ 23. Rxf1 Rxf1+ 24. Kh2 Qg5 25. Nxe3 Qf4+ 26. g3 Rf2+ 27.
Ng2 Qe4 28. Qxe6+ Kh7 29. Qf5+ Qxf5 30. g4 Qf3 0-1

[Event "SV Ahlen 54-SG Turm Raesfeld/Erle"]
[Site "?"]
[Date "2009.12.29"]
[Round "5.1"]
[White "Suer, Maximilian"]
[Black "Huckebrink, Chris"]
[Result "0-1"]
[WhiteElo "1153"]
[BlackElo "1711"]
[PlyCount "60"]
[EventDate "2009.??.??"]
[WhiteTeam "SG Turm Raesfeld/Erle"]
[BlackTeam "SV Ahlen 54"]

1. e4 c5 2. d4 cxd4 3. c3 dxc3 4. Nxc3 d6 5. Nf3 Bg4 6. Bc4 e6 7. Bf4 Nc6 8.
O-O Nf6 9. Nb5 e5 10. Bg5 a6 11. Nc3 Nd4 12. Be2 Nxe2+ 13. Qxe2 Be7 14. h3 Bh5
15. Rac1 O-O 16. Rfd1 Qd7 17. Bxf6 Bxf6 18. Nd5 Bd8 19. Qd3 Bxf3 20. Qxf3 f5
21. Rc3 Rc8 22. Rdc1 Rxc3 23. Rxc3 Qa4 24. exf5 Qxa2 25. Rb3 Qb1+ 26. Kh2 Rxf5
27. Qg3 b5 28. Ra3 a5 29. Rxa5 Bxa5 30. Ne7+ Kf7 0-1

[Event "SV Ahlen 54-SG Turm Raesfeld/Erle"]
[Site "?"]
[Date "2009.12.29"]
[Round "5.2"]
[White "Klötzel, Eric"]
[Black "Ridder, David"]
[Result "1-0"]
[WhiteElo "1190"]
[BlackElo "1251"]
[PlyCount "117"]
[EventDate "2009.??.??"]
[WhiteTeam "SV Ahlen 54"]
[BlackTeam "SG Turm Raesfeld/Erle"]

1. d4 d5 2. Nf3 e6 3. Bf4 b6 4. e3 Bb7 5. Be2 Nf6 6. c4 c5 7. Nc3 Bd6 8. Bg3
Bxg3 9. hxg3 O-O 10. Qc2 h6 11. O-O-O Ng4 12. Rdf1 dxc4 13. dxc5 Nd7 14. Bxc4
Nxc5 15. Rd1 Qe7 16. Rd2 f5 17. Nh4 Qf6 18. Rhd1 Kh8 19. Rd6 Rae8 20. Nf3 Ne5
21. Be2 Ne4 22. Nxe4 Bxe4 23. Qb3 Rc8+ 24. Kd2 Rc2+ 25. Ke1 Nxf3+ 26. gxf3 Rxb2
27. Qxe6 Qxe6 28. Rxe6 Bb1 29. a4 Rc8 30. Re7 Rcc2 31. Bd3 Rxf2 32. Rxb1 Rxb1+
33. Bxb1 Rxf3 34. Rxa7 Rxe3+ 35. Kf2 Re5 36. Rb7 Ra5 37. Rxb6 Rxa4 38. Rb8+ Kh7
39. Bxf5+ g6 40. Rb7+ Kg8 41. Bxg6 Ra6 42. Bf7+ Kf8 43. Bh5 Rc6 44. g4 Rc5 45.
Kf3 Kg8 46. Kf4 Kh8 47. Re7 Kg8 48. Re5 Rxe5 49. Kxe5 Kg7 50. Kf5 Kh7 51. Bg6+
Kg7 52. Be8 h5 53. g5 h4 54. g6 h3 55. Bc6 h2 56. Kg5 h1=Q 57. Bxh1 Kh8 58. Kh6
Kg8 59. g7 1-0

[Event "SV Ahlen 54-SG Turm Raesfeld/Erle"]
[Site "?"]
[Date "2009.12.29"]
[Round "5.3"]
[White "Springenberg, Christoph"]
[Black "Wefers, Simon"]
[Result "1-0"]
[WhiteElo "1147"]
[BlackElo "1015"]
[PlyCount "53"]
[EventDate "2009.??.??"]
[WhiteTeam "SG Turm Raesfeld/Erle"]
[BlackTeam "SV Ahlen 54"]

1. e4 e6 2. Nc3 d5 3. d4 c5 4. Nf3 Nc6 5. Be3 Nh6 6. h3 b6 7. Bb5 Bb7 8. O-O a6
9. Bxc6+ Bxc6 10. exd5 Bxd5 11. Nxd5 exd5 12. Re1 Kd7 13. Ne5+ Kc7 14. Bxh6
gxh6 15. Nxf7 Qf6 16. Nxh8 Qxh8 17. dxc5 Bxc5 18. Qxd5 Rf8 19. Re2 Qg7 20. Rf1
Rg8 21. Qe5+ Qxe5 22. Rxe5 Kd6 23. Rfe1 Bd4 24. Re6+ Kd5 25. c3 Be5 26. Rxb6 a5
27. Rb5+ 1-0

[Event "SV Ahlen 54-SG Turm Raesfeld/Erle"]
[Site "?"]
[Date "2009.12.29"]
[Round "5.4"]
[White "Volesky, Anna-Katharina"]
[Black "Tünte, Marcel"]
[Result "0-1"]
[WhiteElo "1026"]
[BlackElo "1210"]
[PlyCount "44"]
[EventDate "2009.??.??"]
[WhiteTeam "SV Ahlen 54"]
[BlackTeam "SG Turm Raesfeld/Erle"]

1. e4 e5 2. Nf3 Nc6 3. Bc4 Nf6 4. Ng5 d5 5. exd5 Na5 6. Bb5+ c6 7. dxc6 bxc6 8.
Qf3 Bb7 9. Bd3 h6 10. Qh3 Nd5 11. Nf3 Nf4 12. Qf5 Nxd3+ 13. cxd3 Bd6 14. Nxe5
Qe7 15. d4 c5 16. O-O cxd4 17. Re1 O-O 18. Nf3 Qc7 19. Nxd4 Bxh2+ 20. Kh1 Rfe8
21. Re3 Bf4 22. Re2 Qxc1+ 0-1

[Event "SF Katernberg-SF Brackel"]
[Site "?"]
[Date "2009.12.29"]
[Round "5.1"]
[White "Hümmecke, Aaron"]
[Black "Imcke, Patrick"]
[Result "1/2-1/2"]
[WhiteElo "1614"]
[BlackElo "1745"]
[PlyCount "50"]
[EventDate "2009.??.??"]
[WhiteTeam "SF Brackel"]
[BlackTeam "SF Katernberg"]

1. e4 e6 2. d4 d5 3. Nc3 Nf6 4. e5 Nfd7 5. f4 c5 6. Nf3 Nc6 7. Be3 a6 8. Be2
cxd4 9. Nxd4 Bc5 10. O-O Nxd4 11. Bxd4 Qb6 12. Bxc5 Qxc5+ 13. Kh1 Nb6 14. Qd3
Bd7 15. Rf3 Rc8 16. Rc1 Nc4 17. b3 Nb6 18. a4 Bc6 19. Rg3 g6 20. Rd1 Nd7 21.
Qd4 Qxd4 22. Rxd4 a5 23. Na2 Nb6 24. Rc3 Ke7 25. Rdd3 Rhd8 1/2-1/2

[Event "SF Katernberg-SF Brackel"]
[Site "?"]
[Date "2009.12.29"]
[Round "5.2"]
[White "Dette, Tim"]
[Black "Birnkraut, Tim"]
[Result "0-1"]
[WhiteElo "1260"]
[BlackElo "1673"]
[PlyCount "70"]
[EventDate "2009.??.??"]
[WhiteTeam "SF Katernberg"]
[BlackTeam "SF Brackel"]

1. e4 d5 2. exd5 Qxd5 3. Nc3 Qa5 4. d4 Nf6 5. Nf3 c6 6. Bc4 Bf5 7. O-O e6 8.
Re1 Qc7 9. d5 cxd5 10. Bxd5 Be7 11. Bb3 O-O 12. Bg5 Nc6 13. Nb5 Qb6 14. Nbd4
Rad8 15. Be3 Bc5 16. c3 e5 17. Nxe5 Nxe5 18. Qe2 Bd3 19. Qd2 Ba6 20. Qc2 Nc6
21. Nf5 Bd3 22. Qc1 Bxf5 23. Kh1 Rfe8 24. Bxc5 Rxe1+ 25. Qxe1 Qxc5 26. Qg1 Ne4
27. h3 Qxf2 28. Qxf2 Nxf2+ 29. Kh2 Be6 30. c4 Ne4 31. Bc2 Nc5 32. b3 Rd2 33.
Bb1 Kf8 34. Kg1 Rd1+ 35. Kf2 Bf5 0-1

[Event "SF Katernberg-SF Brackel"]
[Site "?"]
[Date "2009.12.29"]
[Round "5.3"]
[White "Wastian, Jan"]
[Black "Marvani, Arman"]
[Result "1-0"]
[WhiteElo "1479"]
[BlackElo "1067"]
[PlyCount "95"]
[EventDate "2009.??.??"]
[WhiteTeam "SF Brackel"]
[BlackTeam "SF Katernberg"]

1. e4 e6 2. d4 d5 3. e5 c5 4. c3 Qb6 5. Nf3 Nc6 6. a3 Nh6 7. b4 cxd4 8. cxd4
Nf5 9. Bb2 Bd7 10. Be2 Be7 11. g4 Nh4 12. Nbd2 Ng2+ 13. Kf1 Nf4 14. Nb3 O-O 15.
Qd2 Ng6 16. Nc5 Qc7 17. Kg2 Nh4+ 18. Nxh4 Bxh4 19. f4 Be7 20. Rag1 b6 21. Nb3
f6 22. b5 Na5 23. Nxa5 bxa5 24. h3 Rab8 25. a4 Qb6 26. Rf1 a6 27. Bc3 Bb4 28.
Bxb4 axb4 29. Qxb4 axb5 30. Qe7 Rbd8 31. axb5 Qxd4 32. Qa3 Qe4+ 33. Qf3 Qxf3+
34. Rxf3 fxe5 35. fxe5 Rxf3 36. Kxf3 Kf7 37. Rb1 Rb8 38. h4 Kg6 39. Bd3+ Kf7
40. Ke3 Ke8 41. Bxh7 Bxb5 42. Bd3 d4+ 43. Kd2 Kf7 44. Rxb5 Rxb5 45. Bxb5 Kg6
46. Kd3 Kh6 47. Kxd4 g5 48. h5 1-0

[Event "SF Katernberg-SF Brackel"]
[Site "?"]
[Date "2009.12.29"]
[Round "5.4"]
[White "Schimnatkowski, Lukas"]
[Black "Trümper, Michael"]
[Result "0-1"]
[WhiteElo "1105"]
[BlackElo "1395"]
[PlyCount "68"]
[EventDate "2009.??.??"]
[WhiteTeam "SF Katernberg"]
[BlackTeam "SF Brackel"]

1. e4 e6 2. d4 d5 3. e5 c5 4. c3 Nc6 5. Nf3 Qb6 6. Bd3 Bd7 7. Be2 cxd4 8. cxd4
Bb4+ 9. Nc3 f6 10. a3 Bxc3+ 11. bxc3 fxe5 12. dxe5 Nge7 13. Bg5 Ng6 14. c4 Qa5+
15. Bd2 Qc7 16. Bc3 Ncxe5 17. Bxe5 Nxe5 18. cxd5 exd5 19. Qxd5 Qc3+ 20. Nd2
Qxa1+ 21. Bd1 O-O-O 22. O-O Nc6 23. Bf3 Qd4 24. Nc4 Qxd5 25. Bxd5 Bf5 26. Bf3
Kc7 27. Rc1 Rhe8 28. h3 Be4 29. Bg4 g6 30. a4 h5 31. Bd1 Bd3 32. Ne3 Kb8 33.
Bb3 Nd4 34. Ba2 Ne2+ 0-1

[Event "SV Unterkochen-SC Eppelborn"]
[Site "?"]
[Date "2009.12.29"]
[Round "5.1"]
[White "Dickmann, Christopher"]
[Black "Krieg, Hannes"]
[Result "0-1"]
[WhiteElo "1212"]
[BlackElo "1457"]
[PlyCount "62"]
[EventDate "2009.??.??"]
[WhiteTeam "SC Eppelborn"]
[BlackTeam "SV Unterkochen"]

1. e4 e5 2. Nf3 Nc6 3. Nc3 Nf6 4. Bc4 Bc5 5. d3 d6 6. O-O Bg4 7. Be3 Qe7 8. Qe2
O-O-O 9. Rfb1 Rdg8 10. a4 h5 11. Na2 h4 12. h3 Bh5 13. c3 g5 14. b4 g4 15. hxg4
Bxe3 16. fxe3 Rxg4 17. Kf1 Rhg8 18. b5 Na5 19. Nb4 Nxc4 20. dxc4 Nxe4 21. Nd5
Qe6 22. Qc2 Bg6 23. Qb2 Ng3+ 24. Ke1 Bxb1 25. Rxb1 Ne4 26. Nxc7 Qxc4 27. b6 a6
28. Nd2 Nxd2 29. Qxd2 Rxg2 30. Rb4 Rg1+ 31. Kf2 Qf1# 0-1

[Event "SV Unterkochen-SC Eppelborn"]
[Site "?"]
[Date "2009.12.29"]
[Round "5.2"]
[White "Deguenther, Julius"]
[Black "Klesen, Jonas"]
[Result "0-1"]
[WhiteElo "1247"]
[BlackElo "995"]
[PlyCount "72"]
[EventDate "2009.??.??"]
[WhiteTeam "SV Unterkochen"]
[BlackTeam "SC Eppelborn"]

1. e4 e5 2. Nf3 Nc6 3. d3 Nf6 4. g3 Bc5 5. Bg2 d6 6. O-O O-O 7. h3 Be6 8. c3
Bb6 9. Qe2 Ne7 10. Bg5 Ng6 11. Nbd2 h6 12. Be3 c6 13. Bxb6 Qxb6 14. b3 Nh5 15.
Kh2 Nf6 16. Ng1 Rad8 17. Qd1 d5 18. Qc2 d4 19. c4 Qb4 20. Ne2 Rc8 21. Rac1 b5
22. f4 exf4 23. Nxf4 Rfe8 24. Nxg6 fxg6 25. Qd1 Rf8 26. Rc2 Rc7 27. Qe2 Rcf7
28. Rf3 g5 29. g4 Nxg4+ 30. hxg4 Bxg4 31. Qd1 Qd6+ 32. Kh1 Bxf3 33. Nxf3 g4 34.
Ne1 Qg3 35. Re2 Rf1+ 36. Bxf1 Rxf1# 0-1

[Event "SV Unterkochen-SC Eppelborn"]
[Site "?"]
[Date "2009.12.29"]
[Round "5.3"]
[White "Jankir, Hevidar"]
[Black "Basaran, Mehmet"]
[Result "0-1"]
[WhiteElo "926"]
[BlackElo "1106"]
[PlyCount "76"]
[EventDate "2009.??.??"]
[WhiteTeam "SC Eppelborn"]
[BlackTeam "SV Unterkochen"]

1. e4 e5 2. Nf3 Nc6 3. Bc4 Bc5 4. Nc3 Nf6 5. d3 d6 6. h3 a6 7. a4 Qe7 8. O-O
Be6 9. Nd5 Bxd5 10. Bxd5 Nxd5 11. exd5 Nd4 12. Be3 Nxf3+ 13. Qxf3 Bxe3 14. Qxe3
h5 15. Rfe1 g5 16. d4 f6 17. g3 Qd7 18. Qe4 Kf7 19. dxe5 dxe5 20. Qg2 Rad8 21.
Red1 f5 22. c4 h4 23. b3 hxg3 24. Qxg3 f4 25. Qf3 Rxh3 26. Qe2 f3 27. Qe4 Rdh8
28. Qxf3+ Rxf3 29. Kf1 Rh1+ 30. Kg2 Rxd1 31. Rxd1 Qg4+ 32. Kf1 Rxb3 33. Re1
Qh3+ 34. Ke2 Rb2+ 35. Kd1 Rb1+ 36. Kd2 Rb2+ 37. Kc1 Qc3+ 38. Kd1 Qd2# 0-1

[Event "SV Unterkochen-SC Eppelborn"]
[Site "?"]
[Date "2009.12.29"]
[Round "5.4"]
[White "Zoller, Philipp"]
[Black "Jankir, Delschad"]
[Result "1-0"]
[WhiteElo "1021"]
[BlackElo "758"]
[PlyCount "125"]
[EventDate "2009.??.??"]
[WhiteTeam "SV Unterkochen"]
[BlackTeam "SC Eppelborn"]

1. e4 e5 2. Nf3 Nc6 3. Bc4 Nf6 4. Ng5 d5 5. exd5 Nxd5 6. Nxf7 Kxf7 7. Qf3+ Ke8
8. Bxd5 Qd7 9. Nc3 Nd4 10. Qe4 Qf5 11. O-O Qxe4 12. Bxe4 c6 13. Re1 Bd6 14. Ne2
Nxe2+ 15. Rxe2 Be6 16. c3 Bc5 17. d3 Bg4 18. Re1 Rf8 19. Be3 Bxe3 20. Rxe3 g6
21. d4 exd4 22. cxd4 Bd7 23. Bxc6+ Kd8 24. Bxd7 Kxd7 25. Rd1 Rfe8 26. Rxe8 Rxe8
27. Kf1 Kd6 28. Rd3 Kd5 29. Re3 Rc8 30. Rc3 Re8 31. Rc7 Kxd4 32. Rxb7 Kd3 33.
Rd7+ Kc2 34. Rxa7 Kxb2 35. Rxh7 Kxa2 36. g3 Kb3 37. Rc7 Kb4 38. h4 Kb5 39. Kg2
Kb6 40. Rc2 Re5 41. f3 Rf5 42. g4 Ra5 43. Re2 Kc6 44. Re6+ Kd7 45. Rxg6 Ke7 46.
h5 Kf7 47. Kg3 Rd5 48. Kh4 Kf8 49. Rg5 Rxg5 50. Kxg5 Kg7 51. f4 Kf7 52. h6 Kf8
53. Kg6 Kg8 54. g5 Kh8 55. f5 Kg8 56. f6 Kh8 57. Kh5 Kg8 58. g6 Kh8 59. Kg5 Kg8
60. h7+ Kh8 61. f7 Kg7 62. h8=Q+ Kxh8 63. f8=Q# 1-0